MDQL
is popping MORE tags! Check the
thread
!
Quizzes
Events
Quiz Creation
Community
Videos
Private Events
Remove Ads
Sign In
Join for FREE
Feedback
Dark Mode
Quiz Categories
Sports
Geography
Music
Movies
Television
Just For Fun
Miscellaneous
History
Literature
Language
Science
Gaming
Entertainment
Religion
Holiday
For Kids
Quiz Lab
Recent
Popular Today
Quiz Kudos Today
Editor Picks
Curator Picks
Quizzes by...
Day
Popularity
Type
Ratings
Length
Year
Community
Subscriptions
Recent Discussions
Orange Saloon
Badges
Playlists
Quests
Create
Leaderboards
Showdown
Live 5
Trivia Bingo
Activity
Puzzle Library
Sporcle Events
Private Events
Virtual Trivia
Globe League
Become a Host
Pub Owners
SporcleCon
Opinionation
Our Games
Videos
Blog
Mobile Apps
Partnerships
Remove Ads and Go Orange
Feedback
Music
Pop Music
The Beatles
Song
Album
Lyrics
Bands
Singers
Artist
Clip
Rock
Rap
Classical
Billboard
Country Music
Kpop
Taylor Swift
Music
Pop Music
The Beatles
Song
Album
Lyrics
Bands
Singers
Artist
Clip
Rock
Rap
Classical
Billboard
Country Music
Kpop
Taylor Swift
Random Quiz
Search Sporcle
×
Quiz Lab
Quiz Lab
Music
Artist
Type in answers that appear in a list
Type in answers that appear in a list
Classic
Best Score? Go Orange.
Music from My Drive, Vol 1 Stats
Can you name the Music from My Drive, Vol 1?
By
DRobe772
5m
40 Questions
62 Plays
62 Plays
62 Plays
Comments
Comments
Give Quiz Kudos
Give Quiz Kudos
-
- Ratings
hide this ad
Forced Order
Answers have to be entered in order
Answers have to be entered in order
Random Order
Randomize order of answers
Randomize order of answers
Replay
Link that replays current quiz
Next Quiz
Link to next quiz in quiz playlist
You Got
0%
They Got
Avg Score
51%
Avg Friend Score
Upgrade to see
Score Distribution
Jump to the score distribution portion of the page
Score
0/40
Timer
05:00
0
Plays Today
Song (Year)
Artist
% Correct
Hotel California (1976)
Eagles
92.2%
Enter Sandman (1991)
Metallica
91.9%
Wake Me Up Before You Go-
Go (1984)
Wham!
87.1%
Space Oddity (1969)
David Bowie
85.5%
Paradise City (1987)
Guns N' Roses
83.9%
Set Fire to the Rain (2011)
Adele
83.9%
Clocks (2002)
Coldplay
82.4%
Mr. Brightside (2004)
The Killers
82.4%
Careless Whisper (1984)
Wham!
80.6%
Pinball Wizard (1969)
The Who
78.4%
Song 2 (1997)
Blur
75.8%
Wanted Dead or Alive (1987)
Bon Jovi
74.2%
Love in an Elevator (1989)
Aerosmith
72.6%
Rock Your Body (2002)
Justin Timberlake
67.7%
Interstate Love Song (1994)
Stone Temple Pilots
66.1%
Big Girls Don't Cry (2006)
Fergie
66.1%
Shape of You (2017)
Ed Sheeran
62.9%
Closer (1994)
Nine Inch Nails
56.9%
Supermassive Black Hole (2006)
Muse
54.9%
Tush (1975)
ZZ Top
53.2%
Song (Year)
Artist
% Correct
Rude (2014)
Magic!
53.2%
Sing (2014)
Ed Sheeran
53.2%
Bailando (2014)
Enrique Iglesias
51.6%
Say It Ain't So (1994)
Weezer
51%
Don't Dream It's Over (1986)
Crowded House
49%
Would? (1992)
Alice In Chains
49%
Small Town (1985)
John Mellencamp
45.2%
Vasoline (1994)
Stone Temple Pilots
38.7%
Together Forever (1987)
Rick Astley
37.3%
Scars To Your Beautiful (2015)
Alessia Cara
37.3%
HandClap (2016)
Fitz & The Tantrums
35.5%
Simple Man (1973)
Lynyrd Skynyrd
33.3%
Rock & Roll Fantasy (1979)
Bad Company
30.6%
Everything She Wants (1984)
Wham!
30.6%
Feel It Coming (2016)
The Weeknd
25.8%
It's a Long Way To the Top (1975)
ACDC
25.5%
Hungarian Rhapsody #4 (1847)
Franz Liszt
16.1%
High and Low (2016)
Empire of the Sun
9.7%
Pride and Prejudice: Dawn (2005)
Dario Marianelli
8.1%
Make Me (Cry) (2016)
Noah Cyrus ft Labrinth
7.8%
Quiz Playlist
Details
Report
Send in Message
Add To Playlist
Classic:
Type in answers that appear in a list
Forced Order:
Answers have to be entered in order
Random Order:
Randomize order of answers
Last Updated: Feb 16, 2017
Quiz Scoreboard
CHALLENGE
Sign Up to Join the Scoreboard
Show All
Scores
Hide
Comments
May contain spoilers
Recently Published
Holiday 10x10 Sorting Gallery
by lukepisani3
Holiday
15m
Two Season TV Shows II
by 123Four
Television
10m
Image Sorting: Flags VI
by Barbecue
Geography
2m
More to Explore
Quiz From the Vault
Featured Blog Post
14 Easter Pick-up Lines to Find Eggs With
hide this ad
You Might Also Like...
Tags
Artist Quiz
Classical Quiz
Pop Music Quiz
Rock Quiz
Song Quiz
Alternative Music
home
ride
Vol
Vol 1
Today's Top Quizzes in Music
Browse Music
hide this ad
Today's Top Quizzes in Artist
Browse Artist
Top Contributed Quizzes in Music
1
5X2 Blitz: Bands II
2
Taylor Swift All Songs (2024)
3
5X2 Blitz: The Beatles
4
5X2 Blitz: Billboard
5
Music Artist by Three 2010s hits
6
5X2 Blitz: Billboard II
7
5X2 Blitz: Album
8
5X2 Blitz: Rock
9
5X2 Blitz: Singers
10
5X2 Blitz: Lyrics
Explore More
Trending Topics
Disney
Kpop
Crossword
NBA
Harry Potter
Anime
Marvel
Pokémon
Soccer
Puzzle
Country
The Office
Song
WWE
NFL
hide this ad
More By:
DRobe772
Quiz
Plays
Rating
Category
Featured
Created
Billboard Alternative Artists Most Weeks at #1 (1990s)
8,124
4.63
Music
Mar 26, 2017
AP Statistics - 2.4 Standard Dev and Weighted Mean
2,265
Science
Sep 2, 2020
AP Statistics - 1.1 Data and Variables
1,916
Science
Aug 14, 2020
AP Statistics - 1.5 Experiment Design
1,508
4.50
Science
Aug 19, 2020
Billboard Hot 100 Artists Most Weeks at #1 (1980s)
1,462
4.71
Music
Apr 7, 2017
Go to Creator's Profile
Score Distribution
Quiz Creator Spotlight
DRobe772
Follow
Send a Message
Quizzes Created
-
Created Quiz Play Count
-
More By This Creator
Popular Quizzes Today
1
Find the US States - No Outlines Minefield
2
Colored Red Africa Blitz
3
Find the 'City' Movie
4
The Countries of the World
5
5x2 Blitz: Bands
6
Find the US States
7
Find the Countries of Europe - No Outlines Minefield
8
US States
More Music Quizzes
Clip Quiz Remix: Hard (80 Songs)
Curator's Pick
Trending Quizzes
Colored Red Europe Blitz I
Colored Red Europe Blitz II
Colored Red Africa Blitz II
Colored Red Europe Blitz III
Colored Red Africa Blitz III
Recently Updated
Odd Team Out - Big 4 Players
pecheneg
Quick Pick: 20 Twenties
pecheneg
March Madness Men's Triple Doubles
pecheneg
How Do You Spell That?
pecheneg
Godzilla Movies
pecheneg
Grab Bag: 4-10 Letters
pecheneg
2024 March Madness Bracket
pecheneg
Famous TV Couples
Peacemaker
Champions League XIs: Real Madrid
pecheneg
Largest US Cities 1790-2010
pecheneg
Trending Topics
Marvel
NBA
Crossword
Disney
Kpop
Harry Potter
Anime
NFL
The Office
Song
WWE
Soccer
Puzzle
Pokémon
Country
Your Account Isn't Verified!
In order to create a playlist on Sporcle, you need to verify the email address you used during registration. Go to your
Sporcle Settings
to finish the process.
Report this User
Report this user for behavior that violates our
Community Guidelines
.
Details:
Send Report
Go to the Sporcle.com Mobile Site →
Comments